[Event "2015 BCC #11"]
[Site "Boise, ID"]
[Date "2015.10.24"]
[Round "1.4"]
[White "Roland, Jeffrey T"]
[Black "White, Matthew William"]
[Result "1-0"]
[WhiteElo "1706"]
[BlackElo "1067"]
[EventRounds "4"]
[EventCountry "USA"]

1. e4 e5 2. Nf3 Nc6 3. Bc4 h6 4. O-O b6 5. Nc3 Nf6 6. d4 exd4 7. Nxd4 Nxd4 8.
Qxd4 Bc5 9. Qd3 O-O 10. e5 Ng4 11. Bf4 Qe8 12. Qf3 d5 13. exd6 c6 14. Rae1 Qd7
15. Re7 Qf5 16. Bd3 Qf6 17. Qe4 g6 18. Be3 Bxd6 19. h3 Bxe7 20. hxg4 Qh4 21.
g3 Qh3 22. Qxe7 Bxg4 23. Qf6 Bh5 24. Bd4 {#r} 1-0

[Event "2015 BCC #11"]
[Site "Boise, ID"]
[Date "2015.10.24"]
[Round "2.1"]
[White "Kircher, Caleb Paul"]
[Black "Roland, Jeffrey T"]
[Result "1-0"]
[WhiteElo "1879"]
[BlackElo "1706"]
[EventRounds "4"]
[EventCountry "USA"]

1. e4 e6 2. d3 c5 3. Nd2 Nc6 4. g3 g6 5. Bg2 Bg7 6. Ngf3 Nge7 7. O-O O-O 8.
Re1 d6 9. h4 h6 10. Nf1 Bd7 11. c3 e5 12. Ne3 f5 13. Nd5 Kh7 14. Nh2 Nxd5 15.
exd5 Ne7 16. f4 Ng8 17. Nf3 Re8 18. Qc2 e4 19. dxe4 fxe4 20. Nd2 e3 21. Nf1
Bf5 22. Qe2 Nf6 23. Bxe3 Qd7 24. Qd2 Ne4 25. Bxe4 Bxe4 26. Rad1 Bf3 27. Rc1
Qf5 28. b3 Bxd5 29. Qh2 Bf3 30. Qf2 Bc6 31. Bd2 Qd5 32. Qh2 Qf3 33. Ne3 Qe4
34. h5 g5 35. Ng4 Qf3 36. Nf2 Re2 37. Rxe2 Qxe2 38. Nh3 Qd3 39. fxg5 Rf8 40.
g6+ Kh8 41. Nf4 Qe4 42. Re1 Qf3 43. Ne6 Re8 44. Nxg7 Rxe1+ 45. Bxe1 Kxg7 46.
c4 Be4 47. Qh3 Qe3+ 48. Bf2 Qc1+ 49. Qf1 Qxf1+ 50. Kxf1 Bb1 51. b4 cxb4 52.
Bxa7 Bxa2 53. Bd4+ Kg8 54. c5 dxc5 55. Bxc5 Bc4+ 56. Kf2 b3 57. Bd4 Bd5 58.
Ke3 Bc6 59. Kf4 Bd7 60. g4 Be6 61. g5 b2 62. Bxb2 hxg5+ 63. Kxg5 Bb3 64. h6
{#r} 1-0

[Event "2015 BCC #11"]
[Site "Boise, ID"]
[Date "2015.10.24"]
[Round "3.2"]
[White "Roland, Jeffrey T"]
[Black "Amen, Chris"]
[Result "1-0"]
[WhiteElo "1706"]
[BlackElo "1698"]
[EventRounds "4"]
[EventCountry "USA"]

1. e4 c5 2. Nf3 e6 3. d4 cxd4 4. Nxd4 Nc6 5. Nc3 Qc7 6. Be3 a6 7. Be2 Nf6 8.
O-O Bb4 9. f3 O-O 10. Qe1 d5 11. Nxc6 Qxc6 12. Qf2 dxe4 13. Nxe4 Nxe4 14. fxe4
Qxe4 15. Bd3 Qc6 16. Qh4 {#r} 1-0

[Event "SIO (Open)"]
[Site "Twin Falls, ID"]
[Date "2015.11.14"]
[Round "3.1"]
[White "Roland, Jeffrey T"]
[Black "Hawkins, Nicholas B"]
[Result "1/2-1/2"]
[WhiteElo "1700"]
[BlackElo "1713"]
[EventRounds "4"]
[EventCountry "USA"]

1. d4 Nf6 2. Nf3 e6 3. g3 c5 4. Bg2 Nc6 5. O-O cxd4 6. Nxd4 a6 7. c4 Be7 8.
Nc3 O-O 9. Nxc6 bxc6 10. e4 e5 11. Be3 d6 12. Qe2 Be6 13. h3 Qd7 14. Kh2 Ne8
15. f4 f5 16. fxe5 dxe5 17. Rad1 Qc7 18. exf5 Rxf5 19. Rxf5 Bxf5 20. Nd5 Qb7
21. Nxe7+ Qxe7 22. Bxc6 Rd8 23. Bd5+ Kh8 24. Rf1 Bg6 25. Qf2 Nf6 26. Bc5 Qe8
27. Bb6 Rc8 28. b3 Nxd5 29. Qf8+ Qxf8 30. Rxf8+ Rxf8 31. cxd5 Rf2+ 32. Bxf2
Be4 33. d6 Bc6 34. Bc5 Kg8 35. Kg1 Kf7 36. Kf2 Ke6 37. Ke3 Bg2 38. h4 h5 39.
b4 Bc6 40. a3 g6 {#d} 1/2-1/2

[Event "FM David Lucky Simul"]
[Site "Boise, ID"]
[Date "2016.01.30"]
[Round "3"]
[White "Lucky, David"]
[Black "Roland, Jeffrey T"]
[Result "1-0"]
[WhiteElo "2381"]
[BlackElo "1782"]
[EventCountry "USA"]

1. c4 Nf6 2. Nc3 g6 3. d4 d5 4. Bg5 Bg7 5. Nf3 O-O 6. Bxf6 exf6 7. cxd5 c6 8.
Qb3 Qb6 9. Qxb6 axb6 10. e3 Bd7 11. a3 Na6 12. Rc1 Rfc8 13. Kd2 c5 14. Bb5
Bxb5 15. Nxb5 Bf8 16. Nc3 Nc7 17. dxc5 bxc5 18. Rhd1 b5 19. Ke2 b4 20. axb4
cxb4 21. Ne4 Ne8 22. Rxc8 Rxc8 23. d6 Rc2+ 24. Kf1 Nxd6 25. Nxd6 Rxb2 26. g4
h6 27. Ne8 Be7 28. Nc7 Kf8 29. Nd5 b3 30. Nxe7 {#r} 1-0

[Event "Idaho Closed"]
[Site "Twin Falls, ID"]
[Date "2016.02.13"]
[Round "2.3"]
[White "Bartell, Fred"]
[Black "Roland, Jeffrey T"]
[Result "0-1"]
[WhiteElo "1660"]
[BlackElo "1782"]
[EventRounds "6"]
[EventCountry "USA"]

1. e4 e5 2. Nf3 Nf6 3. Nxe5 d6 4. Nf3 Nxe4 5. Qe2 Qe7 6. d3 Nf6 7. Bg5 Qxe2+
8. Bxe2 Be7 9. Nc3 O-O 10. Nb5 Na6 11. O-O-O c6 12. Nc3 Re8 13. Rhe1 Ng4 14.
Be3 d5 15. h3 Nxe3 16. fxe3 Bd6 17. Kd2 Bd7 18. a3 Re7 19. e4 Bf4# 0-1

[Event "Idaho Closed"]
[Site "Twin Falls, ID"]
[Date "2016.02.14"]
[Round "3.2"]
[White "Roland, Jeffrey T"]
[Black "Buus, Jarod N"]
[Result "0-1"]
[WhiteElo "1782"]
[BlackElo "1720"]
[EventRounds "6"]
[EventCountry "USA"]

1. d4 d5 2. Nf3 Nf6 3. c4 c6 4. Nc3 e6 5. e3 Nbd7 6. Bd2 Be7 7. Bd3 dxc4 8.
Bxc4 b5 9. Bd3 a6 10. Rc1 Bb7 11. e4 c5 12. e5 cxd4 13. exf6 dxc3 14. fxe7
cxd2+ 15. Qxd2 Qxe7 16. Be2 Nf6 17. O-O O-O 18. Qa5 Nd5 19. Nd4 Qb4 20. Qxb4
Nxb4 21. Rc7 Rab8 22. a3 Nd5 23. Rc5 Nf4 24. Bf3 Bxf3 25. Nxf3 Rbc8 26. Rxc8
Rxc8 27. Rd1 f6 28. g3 Rc1 29. Re1 Nd3 30. Rxc1 Nxc1 31. Ne1 Kf7 32. f4 g5 33.
fxg5 fxg5 34. Kf2 Kf6 35. b4 e5 36. Ke3 g4 37. Ke4 Nb3 38. Ke3 Kf5 39. Nd3 Nd4
40. Ne1 h6 41. Kd3 Nf3 {#R} 0-1

[Event "Idaho Closed"]
[Site "Twin Falls, ID"]
[Date "2016.02.15"]
[Round "5.3"]
[White "Roland, Jeffrey T"]
[Black "Hawkins, Nicholas B"]
[Result "0-1"]
[WhiteElo "1782"]
[BlackElo "1749"]
[EventRounds "6"]
[EventCountry "USA"]

1. d4 Nf6 2. c4 e6 3. Nf3 c5 4. Nc3 cxd4 5. Nxd4 a6 6. e4 Nc6 7. Be2 Bb4 8.
Bf3 Bxc3+ 9. bxc3 Ne5 10. Qe2 Qc7 11. Bg5 Qxc4 12. Qxc4 Nxc4 13. Be2 Nxe4 14.
O-O Nxg5 15. Bxc4 b5 16. Bd3 Bb7 17. f3 f6 18. Rfe1 O-O 19. c4 bxc4 20. Bxc4
d5 21. Bb3 e5 22. Nf5 Rfd8 23. Rac1 Rd7 24. Ba4 Rdd8 25. Rc7 Bc8 26. Ne7+ Kf8
27. Bc6 Rb8 28. Bxd5 Bd7 29. Nc6 Bxc6 30. Bxc6 Rd2 31. f4 Ne6 32. Ra7 Nxf4 33.
a4 Rbb2 34. Rc1 Ne2+ {#R} 0-1

[Event "Idaho Closed"]
[Site "Twin Falls, ID"]
[Date "2016.02.15"]
[Round "6.6"]
[White "Douglas, Kurt P"]
[Black "Roland, Jeffrey T"]
[Result "0-1"]
[WhiteElo "1646"]
[BlackElo "1782"]
[EventRounds "6"]
[EventCountry "USA"]

1. e4 e5 2. Nf3 Nc6 3. Bb5 a6 4. Ba4 Nf6 5. O-O Nxe4 6. d4 b5 7. Bb3 d5 8.
dxe5 Be6 9. Nbd2 Nc5 10. Re1 d4 11. Bxe6 Nxe6 12. Ne4 Be7 13. Ng3 O-O 14. b3
Nb4 15. a3 Nc6 16. Bb2 Re8 17. Nf5 Bc5 18. Re4 Ng5 19. Nxg5 Qxg5 20. Nxg7 Rxe5
21. Rxe5 Nxe5 22. Nh5 f5 23. Ng3 Rf8 24. Bc1 Qh4 25. Qh5 Qxh5 26. Nxh5 d3 27.
cxd3 Nxd3 28. Be3 Bxe3 29. fxe3 c5 30. Ng3 f4 31. exf4 Rxf4 32. Ne2 Rf2 33.
Nc3 Rc2 34. Nd5 Rb2 35. Nc7 Rxb3 36. Nxa6 c4 37. h3 c3 38. Nb4 Nxb4 39. axb4
c2 {#R} 0-1

[Event "ICA Spring Open (Open)"]
[Site "Pocatello, ID"]
[Date "2016.04.23"]
[Round "1.5"]
[White "Roland, Jeffrey T"]
[Black "Xu, Kevin"]
[Result "1-0"]
[WhiteElo "1782"]
[BlackElo "1372"]
[EventRounds "4"]
[EventCountry "USA"]

1. d4 Nf6 2. c4 e6 3. a3 b6 4. Nf3 Bb7 5. e3 c5 6. Nc3 d5 7. dxc5 Bxc5 8. b4
Bd6 9. Nb5 Be7 10. Bb2 O-O 11. Be2 a6 12. Nc3 Nbd7 13. O-O Rc8 14. cxd5 Nxd5
15. Nxd5 Bxd5 16. Bxa6 Rb8 17. Bd3 Nf6 18. Rc1 Bd6 19. Nd2 Rc8 20. Qe2 Bb8 21.
Rxc8 Qxc8 22. Rc1 Qd8 23. e4 Bb7 24. e5 Nd7 25. f4 Ba7 26. Kh1 Qa8 27. Be4 Rc8
28. Qd3 Rxc1+ 29. Bxc1 Nf8 30. Bxb7 Qxb7 31. Ne4 Qc6 32. Bb2 b5 33. h3 Ng6 34.
Qd8+ Nf8 35. Nc3 Bb6 36. Qd3 Ng6 37. Qxb5 Qb7 38. Qe8+ Nf8 39. Qb5 Ng6 40. Na4
Qe4 41. Qe8+ Nf8 42. Nxb6 Qxf4 43. Nd7 Qf1+ 44. Kh2 Qf4+ 45. Kg1 Qe3+ 46. Kh1
h6 47. Qxf8+ Kh7 48. Qc5 Qf4 49. Bc1 Qf1+ 50. Kh2 Qf5 51. b5 Qd3 52. Nf8+ Kg8
53. b6 Qd8 54. b7 Qb8 55. Nd7 Qxb7 56. Be3 Qxd7 57. Qa7 Qd5 58. a4 Qxe5+ 59.
g3 Qb2+ 60. Bf2 Kh7 61. Qxf7 e5 62. a5 Qxf2+ 63. Qxf2 Kg6 64. Qc2+ Kf6 65. g4
Kg5 66. a6 Kf6 67. h4 Kf7 68. h5 Kg8 69. Qf5 Kh8 70. Qf7 Kh7 71. a7 Kh8 72.
a8=Q+ Kh7 73. Qag8# 1-0

[Event "ICA Spring Open (Open)"]
[Site "Pocatello, ID"]
[Date "2016.04.23"]
[Round "2.1"]
[White "Owen, Gary"]
[Black "Roland, Jeffrey T"]
[Result "1-0"]
[WhiteElo "1557"]
[BlackElo "1782"]
[EventRounds "4"]
[EventCountry "USA"]

1. e4 e5 2. Nf3 Nf6 3. Nxe5 d6 4. Nf3 Nxe4 5. d4 d5 6. Bd3 Nf6 7. O-O Be7 8.
Nc3 O-O 9. h3 Nbd7 10. Bf4 c5 11. Nb5 a6 12. Bc7 Qe8 13. Nd6 Bxd6 14. Bxd6 b6
15. Bxf8 Qxf8 16. c3 Bb7 17. Qc2 cxd4 18. cxd4 Rc8 19. Qd2 Ne4 20. Qe2 Re8 21.
Rfe1 Ndf6 22. Ne5 Qb4 23. Nf3 Kf8 24. a3 Qb3 25. Qc2 Qxc2 26. Bxc2 Rc8 27.
Rac1 Ke7 28. Bxe4 dxe4 29. Rxc8 Bxc8 30. Ng5 h6 31. Nxe4 Nxe4 32. Rxe4+ Kd6
33. f3 Be6 34. Kf2 b5 35. Ke3 Kd5 36. b3 Kd6 37. b4 Kd5 38. Re5+ Kc4 39. Rc5+
Kb3 40. d5 Bf5 41. d6 Kxa3 42. Rxf5 {#r} 1-0

[Event "ICA Spring Open (Open)"]
[Site "Pocatello, ID"]
[Date "2016.04.23"]
[Round "3.5"]
[White "Roland, Jeffrey T"]
[Black "Zaklan, David"]
[Result "1-0"]
[WhiteElo "1782"]
[BlackElo "1473"]
[EventRounds "4"]
[EventCountry "USA"]

1. d4 c6 2. e4 d5 3. Nc3 e6 4. Bd3 Bb4 5. e5 Ne7 6. Qg4 Ng6 7. h4 Bf8 8. Nf3
Nd7 9. Ng5 Be7 10. h5 Ngf8 11. Nxh7 Nxh7 12. Qxg7 Rf8 13. Bxh7 c5 14. Be3 Qb6
15. O-O-O cxd4 16. Bxd4 Bc5 17. Na4 Qa5 18. Nxc5 Nxc5 19. Bxc5 Qxc5 20. Qf6
Bd7 21. Rh3 Bb5 22. Rc3 Qe7 23. Qf4 Be2 24. Rh1 Bb5 25. Kb1 Bc6 26. Qd4 Kd7
27. Rg3 f6 28. h6 Rf7 29. Bg8 Rxg8 30. Rxg8 Rh7 31. exf6 e5 32. fxe7 {#r} 1-0

[Event "ICA Spring Open (Open)"]
[Site "Pocatello, ID"]
[Date "2016.04.23"]
[Round "4.2"]
[White "Roland, Jeffrey T"]
[Black "Landon, Lloyd"]
[Result "1/2-1/2"]
[WhiteElo "1782"]
[BlackElo "1842"]
[EventRounds "4"]
[EventCountry "USA"]

1. d4 d5 2. c4 c6 3. Nf3 Nf6 4. Nc3 Bg4 5. Ne5 Bh5 6. Qb3 Qb6 7. e3 Qxb3 8.
axb3 e6 9. Bd3 Bd6 10. O-O Nfd7 11. f4 f6 12. Nxd7 Nxd7 13. cxd5 exd5 14. Bf5
Bf7 15. Na4 g6 16. Bxd7+ Kxd7 17. Bd2 f5 18. Nc3 Bb4 19. Rfd1 Bxc3 20. bxc3
Rhg8 21. h4 a6 22. Kf2 Rge8 23. Rdc1 Rac8 24. b4 Re4 25. Ra5 Ke8 26. Raa1 Kf8
27. Rg1 Be6 28. g3 Kg7 29. Rh1 h6 30. Rh2 Bf7 31. Rah1 Ra8 32. Ra1 Ree8 33.
Rhh1 Ra7 34. Ra3 Kf6 35. Rha1 Re4 36. Rb1 Be8 37. Rc1 Bf7 38. Rb1 Be8 {#d}
1/2-1/2

[Event "Idaho Open"]
[Site "Pocatello, Idaho"]
[Date "2017.04.22"]
[Round "3"]
[White "Porth, Adam"]
[Black "Roland, Jeff"]
[Result "1/2-1/2"]
[WhiteElo "1391"]
[BlackElo "1764"]

1.d4 Nf6 2.c4 g6 3.Nf3 d5 4.g3 Bg7 5.Bg2 c6 6.O-O O-O 7.Nbd2 Nbd7 8.Qb3 dxc4
9.Nxc4 Nb6 10.Nxb6 axb6 11.Be3 Be6 12.d5 Nxd5 13.Bd4 b5 14.Bxg7 Kxg7 15.Nd4
Bd7 16.Rac1 Nf6 17.Nxb5 Qa5 18.Nc3 Rfd8 19.a3 {#d} 1/2-1/2


[Site "Boise, ID"]
[Date "2020.02.17"]
[Round "6.4"]
[White "Cambareri, Michael"]
[Black "Roland, Jeffrey"]
[Result "1-0"]
[WhiteElo "2028"]
[BlackElo "1700"]
[EventType "swiss"]
[EventRounds "6"]
[EventCountry "USA"]

1. f4 Nf6 2. Nf3 g6 3. d4 d5 4. e3 c5 5. Bd3 Nc6 6. c3 cxd4 7. exd4 Bg7 8. O-O
O-O 9. Qe1 Qc7 10. Ne5 Nh5 11. Qh4 Bf6 12. Qf2 Bg7 13. Nd2 Nxe5 14. fxe5 Bh6
15. Nf3 Bxc1 16. Raxc1 Nf4 17. Bb1 Bh3 18. Ng5 Bxg2 19. Qh4 {#r} 1-0

[Event "Idaho Closed"]
[Site "Boise, ID"]
[Date "2020.02.17"]
[Round "6.4"]
[White "Cambareri, Michael"]
[Black "Roland, Jeffrey"]
[Result "1-0"]
[WhiteElo "2028"]
[BlackElo "1700"]
[EventType "swiss"]
[EventRounds "6"]
[EventCountry "USA"]

1. f4 Nf6 2. Nf3 g6 3. d4 d5 4. e3 c5 5. Bd3 Nc6 6. c3 cxd4 7. exd4 Bg7 8. O-O
O-O 9. Qe1 Qc7 10. Ne5 Nh5 11. Qh4 Bf6 12. Qf2 Bg7 13. Nd2 Nxe5 14. fxe5 Bh6
15. Nf3 Bxc1 16. Raxc1 Nf4 17. Bb1 Bh3 18. Ng5 Bxg2 19. Qh4 {#r} 1-0

[Event "Idaho Closed"]
[Site "Boise, ID"]
[Date "2020.02.17"]
[Round "5.5"]
[White "Roland, Jeffrey"]
[Black "He, Justin"]
[Result "1-0"]
[WhiteElo "1700"]
[BlackElo "1535"]
[EventType "swiss"]
[EventRounds "6"]
[EventCountry "USA"]

1. d4 d5 2. c4 c6 3. Nf3 Nf6 4. Nc3 e6 5. e3 Nbd7 6. Bd2 Be7 7. Be2 dxc4 8.
Bxc4 O-O 9. O-O Qb6 10. Qc2 Nd5 11. a3 c5 12. Bxd5 exd5 13. Nxd5 Qd6 14. Nxe7+
Qxe7 15. dxc5 Qxc5 16. Qxc5 Nxc5 17. Bb4 b6 18. Nd4 Ba6 19. Rfd1 Rfc8 20. Bxc5
bxc5 21. Nf5 Rc7 22. Rac1 g6 23. Rd6 Bb7 24. Nd4 a6 25. Nb3 c4 26. h3 Rac8 27.
Na5 Kf8 28. Rb6 Bd5 29. Rxa6 Rc5 30. Rc3 Ke8 31. f3 f5 32. e4 fxe4 33. fxe4
Ba8 34. b4 Re5 35. Rxc4 Rd8 36. Ra7 Bxe4 37. Rcc7 Rd1+ 38. Kh2 Rg5 39. Re7+
{#r} 1-0

[Event "Idaho Closed"]
[Site "Boise, ID"]
[Date "2020.02.16"]
[Round "4.2"]
[White "Wei, James"]
[Black "Roland, Jeffrey"]
[Result "1-0"]
[WhiteElo "1816"]
[BlackElo "1700"]
[EventType "swiss"]
[EventRounds "6"]
[EventCountry "USA"]

1. e4 e5 2. Nf3 Nc6 3. Bb5 a6 4. Ba4 Nf6 5. O-O d6 6. Re1 Be7 7. c3 O-O 8. h3
b5 9. Bc2 Be6 10. d4 exd4 11. cxd4 Nb4 12. Bb3 Bxb3 13. Qxb3 Nc6 14. Be3 Nxe4
15. Qd5 {#r} 1-0

[Event "ICA Players' Memorial"]
[Site "Chess.com"]
[Date "2020.08.01"]
[Round "4"]
[White "Clark, Peter"]
[Black "Roland, Jeffrey"]
[Result "0-1"]
[WhiteElo "1166"]
[BlackElo "1437"]

1. e4 } e6 } 2. Nf3 } d5 } 3. exd5 } exd5 } 4. d4 } Nf6 } 5. Bg5 } Be7 } 6.
Nc3 { } Nbd7 } 7. Bd3 } O-O } 8. h3 } c5 } 9. Bxf6 } Nxf6 { } 10. dxc5 } Bxc5
} 11. Qd2 { } Re8+ } 12. Ne2 } Qb6 } 13. O-O-O } Bxf2 } 14. Ned4 } Be3 } {#R}
0-1

[Event "Idaho Closed"]
[Site "Boise, ID"]
[Date "2020.02.16"]
[Round "3.4"]
[White "Roland, Jeffrey"]
[Black "Porth, Adam"]
[Result "1-0"]
[WhiteElo "1700"]
[BlackElo "1407"]
[EventType "swiss"]
[EventRounds "6"]
[EventCountry "USA"]

1. d4 d5 2. c4 Nf6 3. cxd5 Nxd5 4. e4 Nb6 5. Nc3 a6 6. Be3 e6 7. Nf3 Be7 8.
Be2 c6 9. O-O N8d7 10. Qd2 Nf6 11. Ne5 Nbd7 12. f4 Bb4 13. Bf3 h5 14. h3 Qe7
15. a3 Ba5 16. b4 Bc7 17. Na4 Nxe5 18. fxe5 Nd7 19. Bg5 f6 20. exf6 gxf6 21.
Bh4 b5 22. Nc5 Nxc5 23. bxc5 Qg7 24. Bxf6 Qh6 25. Bg5 Qg6 26. e5 Bd7 27. Qf4
Bd8 28. Be4 Qg7 29. Bf6 Bxf6 30. exf6 Qf7 31. Bg6 Qxg6 32. f7+ Kf8 33. Qd6+
Kg7 34. Qe5+ Kh7 35. Rf6 Rhf8 36. Rxg6 Kxg6 37. Rf1 Rxf7 38. Rxf7 Kxf7 39.
Qxh5+ Ke7 40. Qh7+ {#r} 1-0

[Event "ICA Players' Memorial"]
[Site "Chess.com"]
[Date "2020.08.01"]
[Round "3"]
[White "Roland, Jeffrey"]
[Black "Gao, Andrew"]
[Result "1-0"]
[WhiteElo "1437"]
[BlackElo "1136"]

1. d4 } Nf6 } 2. c4 } g6 } 3. Nc3 } d5 } 4. cxd5 } Nxd5 } 5. e4 } Nxc3 } 6.
bxc3 { } Bg7 } 7. Bc4 } c5 } 8. Be3 } Nc6 } 9. Ne2 } cxd4 { } 10. cxd4 } O-O }
11. O-O { } Qc7 } 12. Rc1 } e6 } 13. Bb3 } Bd7 } 14. d5 } exd5 } 15. exd5 }
Rfd8 } 16. Bg5 { } Re8 } 17. dxc6 } Bxc6 } 18. Be3 } Bb2 } 19. Rc2 } Ba3 } 20.
Nd4 } Rad8 } 21. Qg4 { } Qb6 } 22. Nxc6 } bxc6 } 23. Bxb6 } Re1 } 24. Rxe1 }
Rb8 } 25. Bc5 } Bxc5 } 26. Rxc5 } Kf8 } 27. Qd7 } Kg7 } 28. Qxf7+ } Kh6 } 29.
Re7 } Rh8 } 30. Qg7# } 1-0

[Event "Idaho Closed"]
[Site "Boise, ID"]
[Date "2020.02.15"]
[Round "2.6"]
[White "Booth, Tom R"]
[Black "Roland, Jeffrey"]
[Result "1/2-1/2"]
[WhiteElo "1500"]
[BlackElo "1700"]
[EventType "swiss"]
[EventRounds "6"]
[EventCountry "USA"]

1. d4 Nf6 2. c4 e6 3. Nc3 d5 4. Bg5 Be7 5. e3 h6 6. Bh4 O-O 7. Nf3 b6 8. cxd5
Nxd5 9. Bxe7 Qxe7 10. Nxd5 exd5 11. Be2 Be6 12. O-O c5 13. dxc5 bxc5 14. b3
Nd7 15. Bb5 Nb6 16. Qe2 c4 17. Nd4 a6 18. Bc6 Rac8 19. bxc4 dxc4 20. Nxe6 fxe6
21. Be4 Nd5 22. Bc2 Qf6 23. Qg4 Nc3 24. Qg6 Rcd8 25. Qxf6 Rxf6 26. Bd1 Rd2 27.
Rc1 Rd3 28. Re1 Nxd1 29. Rexd1 e5 30. Rxd3 cxd3 31. e4 d2 32. Rd1 Rc6 33. Kf1
Rc2 34. Ke2 Rxa2 35. Rxd2 Rxd2+ 36. Kxd2 Kf7 37. Kc3 Ke7 38. Kb4 Kd6 39. Ka5
g5 40. f3 Kc5 41. Kxa6 Kc6 {#d} 1/2-1/2

[Event "ICA Players' Memorial"]
[Site "Chess.com"]
[Date "2020.08.01"]
[Round "2"]
[White "Henderson, Michael"]
[Black "Roland, Jeffrey"]
[Result "1-0"]
[WhiteElo "1152"]
[BlackElo "1437"]

1. e4 } e5 } 2. Nc3 } Nc6 { } 3. Nf3 } Nf6 } 4. Bb5 } d6 } 5. d4 } exd4 } 6.
Nxd4 } Bd7 } 7. O-O } a6 } 8. Nxc6 } Bxc6 } 9. Bd3 } Be7 } 10. b3 } O-O } 11.
Bb2 { } Re8 } 12. f4 } Bf8 } 13. Qf3 } Qd7 } 14. Nd5 } Bxd5 } 15. exd5 } c6 }
16. dxc6 { } bxc6 } 17. Rad1 } Nd5 } 18. Rfe1 } g6 } 19. Be4 } Ne7 } 20. Qc3 }
{#r} 1-0

[Event "Idaho Closed"]
[Site "Boise, ID"]
[Date "2020.02.15"]
[Round "1.8"]
[White "Roland, Jeffrey"]
[Black "Leifeste, Bryce"]
[Result "1-0"]
[WhiteElo "1700"]
[BlackElo "1384"]
[EventType "swiss"]
[EventRounds "6"]
[EventCountry "USA"]

1. d4 Nf6 2. c4 e6 3. a3 b6 4. Nf3 d5 5. cxd5 exd5 6. e3 Bb7 7. Be2 Bd6 8. O-O
O-O 9. Nc3 Nbd7 10. Bd2 a6 11. b4 Ne4 12. Rc1 Ndf6 13. Ne5 Bxe5 14. dxe5 Nd7
15. f4 Re8 16. Nxe4 dxe4 17. Bc3 c5 18. Bg4 Nf8 19. bxc5 bxc5 20. Qe2 a5 21.
Rfd1 Qc7 22. Rd6 Rad8 23. Rcd1 Rxd6 24. exd6 Qb6 25. Qd2 Ra8 26. d7 Qd8 27.
Bxg7 Nxd7 28. Bh6 Qf6 29. Bg5 Qg6 30. Qxd7 Bc6 31. Qd6 Qxd6 32. Rxd6 Ba4 33.
Rd8+ Rxd8 34. Bxd8 Kf8 35. Bf5 c4 36. Bxa5 Ke7 37. Bxh7 Ke6 38. Bxe4 f5 39.
Bf3 Bb5 40. Bc3 Kd6 41. h4 Ke7 42. h5 Kf7 43. Bd5+ Kf8 44. h6 {#r} 1-0

[Event "ICA Players' Memorial"]
[Site "Chess.com"]
[Date "2020.08.01"]
[Round "1"]
[White "Roland, Jeffrey"]
[Black "Wei, Luke"]
[Result "0-1"]
[WhiteElo "1437"]
[BlackElo "1185"]

1. d4 } d5 } 2. c4 } c6 } 3. Nf3 } Nf6 } 4. Nc3 } e6 } 5. e3 } Bd6 } 6. Bd3 }
O-O } 7. O-O } Nbd7 } 8. Bd2 } dxc4 } 9. Bxc4 } b5 { } 10. Bd3 } a6 } 11. Rc1
} Bb7 } 12. e4 } e5 } 13. Ne2 } Rc8 } 14. Bg5 } c5 } 15. d5 } c4 } 16. Bc2 }
h6 } 17. Bd2 } Nc5 } 18. Ng3 { } a5 } 19. Qe2 } b4 } 20. Qxc4 } Ncxe4 } 21.
Qe2 } Nxg3 } 22. hxg3 } Bxd5 } 23. Bf5 { } Rxc1 } 24. Rxc1 } e4 } 25. Nd4 }
Be5 } 26. Nc6 } Qd6 } 27. a3 } Bxc6 } 28. axb4 { } axb4 } 29. Be3 } Bd7 } 30.
Bc5 } Qd5 } 31. Bxd7 } Nxd7 } 32. Bxf8 } Kxf8 } 33. Qa6 { } Bxb2 } 34. Qc8+ }
Ke7 } 35. Re1 } Kf6 } 36. Qc2 } Bc3 } 37. Rxe4 } Nc5 } 38. Rf4+ { } Ke7 } 39.
Qe2+ } Qe5 } 40. Qg4 } Ne6 } 41. Re4 } Qd5 } 42. Qe2 } Qd2 } 43. Qb5 { } Bd4 }
44. Re2 } Qd1+ } 45. Kh2 } Kf6 } 46. g4 } b3 { } 47. Qf5+ } Ke7 } 48. Qe4 { }
b2 } {#R} 0-1

[Event "Hall Of Fame"]
[Site "Boise, ID"]
[Date "2019.08.24"]
[Round "4.107"]
[White "Lange, Brian"]
[Black "Roland, Jeffrey"]
[Result "1-0"]
[WhiteElo "1400"]
[BlackElo "1700"]
[EventType "swiss"]
[EventRounds "4"]
[EventCountry "USA"]

1. b3 e5 2. Bb2 Nc6 3. e3 Nf6 4. d3 d5 5. Nf3 Bg4 6. Be2 Bd6 7. Nbd2 O-O 8.
O-O Qd7 9. a3 Qf5 10. c4 d4 11. e4 Qh5 12. b4 b6 13. Rc1 Nd7 14. Re1 f5 15.
Qa4 Ne7 16. h3 Bxh3 17. gxh3 Qxh3 18. Qxd7 Rf6 19. Nh2 Raf8 20. Kh1 Rh6 21.
Ndf3 Ng6 22. Rg1 Rf7 23. Qc8+ Bf8 24. Rg3 Qh5 25. Rg5 Qh3 26. Rcg1 Ne7 27. Qb7
f4 28. Rxe5 Ng6 29. Reg5 Nh4 30. R1g2 Nxf3 31. Bxf3 Qxf3 32. Bxd4 Qd1+ 33. Rg1
Rxh2+ 34. Kxh2 Qf3 35. Qd5 c5 36. Rxg7+ Bxg7 37. Rxg7+ Kf8 38. Qd8# 1-0

[Event "Summer Classic"]
[Site "Boise, ID"]
[Date "2019.07.13"]
[Round "4.4"]
[White "Roland, Jeffrey"]
[Black "Felice, Louis"]
[Result "0-1"]
[WhiteElo "1700"]
[BlackElo "1401"]
[EventType "swiss"]
[EventRounds "4"]
[EventCountry "USA"]

1. d4 f5 2. g3 Nf6 3. c4 g6 4. Bg2 Bg7 5. Nh3 O-O 6. Qb3 Kh8 7. Bxb7 Bxb7 8.
Qxb7 Nc6 9. e3 Rb8 10. Qa6 Nb4 11. Qa4 Nd3+ 12. Ke2 Nxc1+ 13. Rxc1 Rxb2+ 14.
Nd2 Ne4 15. Rc2 Rb6 16. Nb3 c5 17. f3 cxd4 18. exd4 Qa8 19. Qxd7 Rd6 20. Qa4
Re6 21. Kd3 Nc5+ 22. Nxc5 Qxf3+ 23. Kd2 Re2+ 24. Kc1 Re1+ {#R} 0-1

[Event "Hall Of Fame"]
[Site "Boise, ID"]
[Date "2019.08.24"]
[Round "3.109"]
[White "Roland, Jeffrey"]
[Black "Wang, Leonardo"]
[Result "1-0"]
[WhiteElo "1700"]
[BlackElo "745"]
[EventType "swiss"]
[EventRounds "4"]
[EventCountry "USA"]

1. d4 d5 2. c4 dxc4 3. e3 b5 4. a4 c6 5. axb5 cxb5 6. Qf3 Nc6 7. Qxc6+ Bd7 8.
Qb7 a5 9. Nc3 Rb8 10. Qf3 Nf6 11. e4 e6 12. Bg5 Be7 13. Be2 O-O 14. Bf4 Ra8
15. Qg3 Kh8 16. d5 exd5 17. exd5 b4 18. Na4 Nxd5 19. Bxc4 Nxf4 20. Qxf4 Bg5
21. Qd6 Re8+ 22. Ne2 Be7 23. Qb6 Bxa4 24. Qxd8 Rexd8 25. Rxa4 Rf8 26. O-O Kg8
27. Rd1 Rfe8 28. g3 Bc5 29. b3 h6 30. Rd7 Rf8 31. Nf4 Kh7 32. Bxf7 Bd6 33.
Bg6+ Kh8 34. Rxd6 Rg8 35. Rd5 Rac8 36. Rdxa5 Rc1+ 37. Kg2 Rd8 38. Ra8 Rcc8 39.
Rxc8 Rxc8 40. Rxb4 Rc2 41. Bxc2 g5 42. Rb8+ Kg7 43. Nh5+ Kf7 44. Rh8 Ke7 45.
Rxh6 Kd7 {#r} 1-0